[Event "GRE-ch U10"]
[Site "Greece"]
[Date "2014.07.07"]
[Round "5"]
[White "Fyntrilakis, Kyriakos"]
[Black "Krassas, Nikolaos"]
[Result "1-0"]
[WhiteElo "1349"]
[BlackElo "1229"]
[PlyCount "95"]
[EventDate "2014.07.04"]
[EventType "swiss"]
[EventRounds "9"]
[EventCountry "GRE"]
[SourceTitle "EXT 2017"]
[Source "ChessBase"]
[SourceDate "2016.10.25"]
[SourceVersion "1"]
[SourceVersionDate "2016.10.25"]
[SourceQuality "1"]

1. e4 e5 2. Nf3 Nc6 3. Bb5 a6 4. Bxc6 bxc6 5. Nxe5 Qe7 6. d4 f6 7. Nf3 Qxe4+ 8. Be3 Bd6 9. 0-0 Ne7 10. Re1 Qg6 11. c4 Bb4 12. Bd2 Bxd2 13. Qxd2 d6 14. Qe3 Qf7 15. Qe4 Bd7 16. Nc3 Kd8 17. Qd3 Qh5 18. b4 Ng6 19. Ne2 Qg4 20. h3 Qh5 21. Ng3 Qh6 22. Nf5 Bxf5 23. Qxf5 Ne7 24. Qe4 Re8 25. d5 f5 26. Qd3 cxd5 27. cxd5 Qf4 28. Nd4 Kd7 29. Qc3 g6 30. Ne6 Nxd5 31. Qg7+ Re7 32. Qxe7+ Nxe7 33. Nxf4 Nc6 34. Nd5 Rb8 35. Nf6+ Kc8 36. a3 h5 37. Re8+ Kb7 38. Rxb8+ Kxb8 39. Re1 Nd4 40. Re8+ Kb7 41. a4 Nc6 42. Nd5 Ne5 43. Re7 Kc6 44. Nxc7 Nd7 45. Nxa6 Ne5 46. Nb8+ Kd5 47. b5 Kc5 48. Nd7+ 1-0